Human factors issues and the impact of technology on society /

Bibliographic Details
Corporate Author: IGI Global Online
Other Authors: Lum, Heather Christina, 1984- (Editor)
Format: eBook
Language:English
Published: Hershey PA : IGI Global, Information Science Reference, [2021]
Series:Advances in human and social aspects of technology book series.
Subjects:
Online Access:Connect to the full text of this electronic book

MARC

Tag First Indicator Second Indicator Subfields
LEADER 00000cam a2200000 i 4500
001 in00004437721
005 20211018102729.0
006 m o d
007 cr |||||||||||
008 210213s2021 paua ob 001 0 eng
010 |a  2021000189 
020 |a 9781799864561  |q electronic book 
020 |a 1799864561  |q electronic book 
020 |a 9781799864554  |q electronic book 
020 |a 1799864553  |q electronic book 
020 |z 9781799864530  |q hardcover 
020 |z 1799864537  |q hardcover 
020 |z 9781799864547  |q paperback 
024 8 |a 40030648009 
035 |a (DLC)ybp17191516 
040 |a NhCcYBP  |c NhCcYBP  |d UtOrBLW 
042 |a pcc 
050 4 |a T59.7  |b .H8535 2021 
082 0 0 |a 303.48/3  |2 23 
245 0 0 |a Human factors issues and the impact of technology on society /  |c [edited by] Heather Lum. 
264 1 |a Hershey PA :  |b IGI Global, Information Science Reference,  |c [2021] 
300 |a 1 online resource. 
336 |a text  |b txt  |2 rdacontent 
337 |a computer  |b c  |2 rdamedia 
338 |a online resource  |b cr  |2 rdacarrier 
490 1 |a Advances in human and social aspects of technology (AHSAT) book series 
500 |a "Premier Reference Source" -- Cover. 
504 |a Includes bibliographical references and index. 
588 |a Description based on online resource; title from digital title page (viewed on August 02, 2021). 
505 0 |a Chapter 1. Pandemics, preprints, and praxis -- Chapter 2. Ethical design of social technology: user engagement and attentional demands -- Chapter 3. Human factors: an authentic learning mobile application design project in a higher education and industry context -- Chapter 4. Augmented reality: Panacea or Pandora's box? -- Chapter 5. Strategic implications of organizational culture, knowledge, learning organizations, and innovation on sustainable organizations -- Chapter 6. The utility of neuro-economics in the services of ICT of the exponential SMEs of the artisanal industry of women entrepreneurs in Mexico -- Chapter 7. Facilitating the adoption of digital health technologies by older adults to support their health -- Chapter 8. Digital mental health interventions: impact and considerations -- Chapter 9. Mariners or machines: who's at the helm? shifting roles and responsibilities on navy warships -- Chapter 10. Exploring technology tendencies and their impact on human-human interactions. 
500 |a Electronic resource. 
650 0 |a Human engineering.  |0 http://id.loc.gov/authorities/subjects/sh85062867 
650 0 |a Technology  |x Social aspects.  |0 http://id.loc.gov/authorities/subjects/sh85133169 
650 0 |a Technological innovations  |x Social aspects.  |0 http://id.loc.gov/authorities/subjects/sh2008112654 
655 7 |a Electronic books.  |2 local 
700 1 |a Lum, Heather Christina,  |d 1984-  |e editor.  |0 http://id.loc.gov/authorities/names/no2018172670 
710 2 |a IGI Global Online. 
776 1 8 |i Print version:  |t Human factors issues and the impact of technology on society  |d Hershey PA : Information Science Reference, [2021]  |z 9781799864530  |w (DLC) 2021000188 
830 0 |a Advances in human and social aspects of technology book series.  |0 http://id.loc.gov/authorities/names/no2013135699 
856 4 0 |u http://proxy.library.tamu.edu/login?url=https://dx.doi.org/10.4018/978-1-7998-6453-0  |z Connect to the full text of this electronic book  |t 0 
945 |b 973449 
955 |a YBP purchased approval e-records 
980 |b 195.00  |g 1 
999 f f |s 85987952-33b1-34b8-aa33-7df93d9725df  |i c6e69e98-9646-3279-805c-82a4c3a4f12f  |t 0 
952 f f |a Texas A&M University  |b College Station  |c Electronic Resources  |d Available Online  |t 0  |e T59.7 .H8535 2021  |h Library of Congress classification 
998 f f |a T59.7 .H8535 2021  |t 0  |l Available Online